| 000 | 00399nam a2200157Ia 4500 | ||
|---|---|---|---|
| 008 | 221030s9999 xx 000 0 und d | ||
| 020 | _a8125918663 | ||
| 041 | _aEnglish | ||
| 082 |
_a105.23 _bRaj |
||
| 100 | _aS. Rajasekarn | ||
| 245 | 0 |
_aEssentials of Engineering Mechanics _cby S. Rajasekarn |
|
| 260 |
_bVikas Pub House _aNew Delhi _c2005 |
||
| 300 | _a85 | ||
| 650 | _aMechanical | ||
| 942 | _cBK | ||
| 999 |
_c4496 _d4496 |
||